<?xml version="1.0" encoding="UTF-8"?>
<record
    xmlns:xsi="http://www.w3.org/2001/XMLSchema-instance"
    xsi:schemaLocation="http://www.loc.gov/MARC21/slim http://www.loc.gov/standards/marcxml/schema/MARC21slim.xsd"
    xmlns="http://www.loc.gov/MARC21/slim">

  <leader>00497nam a2200169Ia 4500</leader>
  <controlfield tag="008">220501s2021    xx            000 0 eng d</controlfield>
  <datafield tag="020" ind1=" " ind2=" ">
    <subfield code="a">9788126558599</subfield>
  </datafield>
  <datafield tag="082" ind1=" " ind2=" ">
    <subfield code="a">158.7 SPE-I</subfield>
  </datafield>
  <datafield tag="100" ind1=" " ind2=" ">
    <subfield code="a">Spector, Paul E.</subfield>
  </datafield>
  <datafield tag="245" ind1=" " ind2="0">
    <subfield code="a">Industrial and organizational psychology research and practice /</subfield>
    <subfield code="c">Paul E. Spector</subfield>
  </datafield>
  <datafield tag="260" ind1=" " ind2=" ">
    <subfield code="a">New Delhi :</subfield>
    <subfield code="b">Wiley,</subfield>
    <subfield code="c">2021.</subfield>
  </datafield>
  <datafield tag="300" ind1=" " ind2=" ">
    <subfield code="a">xxi, 441p. ;</subfield>
  </datafield>
  <datafield tag="650" ind1=" " ind2=" ">
    <subfield code="a">Personnel management</subfield>
  </datafield>
  <datafield tag="650" ind1=" " ind2=" ">
    <subfield code="a">Psychology</subfield>
  </datafield>
  <datafield tag="650" ind1=" " ind2=" ">
    <subfield code="a">Psychology, Industrial</subfield>
  </datafield>
  <datafield tag="942" ind1=" " ind2=" ">
    <subfield code="2">ddc</subfield>
    <subfield code="c">REF</subfield>
  </datafield>
  <datafield tag="999" ind1=" " ind2=" ">
    <subfield code="c">18521</subfield>
    <subfield code="d">18521</subfield>
  </datafield>
  <datafield tag="952" ind1=" " ind2=" ">
    <subfield code="0">0</subfield>
    <subfield code="1">0</subfield>
    <subfield code="2">ddc</subfield>
    <subfield code="4">0</subfield>
    <subfield code="7">0</subfield>
    <subfield code="a">SOBD</subfield>
    <subfield code="b">SOBD</subfield>
    <subfield code="d">2022-05-17</subfield>
    <subfield code="e">Vedi Books</subfield>
    <subfield code="o">158.7 SPE-I1</subfield>
    <subfield code="p">001306</subfield>
    <subfield code="r">2022-07-01</subfield>
    <subfield code="t">1</subfield>
    <subfield code="w">2022-04-13</subfield>
    <subfield code="y">REF</subfield>
    <subfield code="k">VEDI/22-23/04/09</subfield>
  </datafield>
  <datafield tag="952" ind1=" " ind2=" ">
    <subfield code="0">0</subfield>
    <subfield code="1">0</subfield>
    <subfield code="2">ddc</subfield>
    <subfield code="4">0</subfield>
    <subfield code="7">0</subfield>
    <subfield code="a">SOBD</subfield>
    <subfield code="b">SOBD</subfield>
    <subfield code="d">2022-05-17</subfield>
    <subfield code="e">Vedi Books</subfield>
    <subfield code="o">158.7 SPE-I2</subfield>
    <subfield code="p">001307</subfield>
    <subfield code="r">2022-07-01</subfield>
    <subfield code="t">2</subfield>
    <subfield code="w">2022-04-13</subfield>
    <subfield code="y">BK</subfield>
    <subfield code="k">VEDI/22-23/04/09</subfield>
  </datafield>
  <datafield tag="952" ind1=" " ind2=" ">
    <subfield code="0">0</subfield>
    <subfield code="1">0</subfield>
    <subfield code="2">ddc</subfield>
    <subfield code="4">0</subfield>
    <subfield code="7">0</subfield>
    <subfield code="a">SOBD</subfield>
    <subfield code="b">SOBD</subfield>
    <subfield code="d">2023-04-21</subfield>
    <subfield code="e">Vedi Books</subfield>
    <subfield code="f">INR</subfield>
    <subfield code="g">679.00</subfield>
    <subfield code="o">158.7 SPE-I3</subfield>
    <subfield code="p">002673</subfield>
    <subfield code="r">2023-04-21</subfield>
    <subfield code="t">3</subfield>
    <subfield code="w">2023-04-15</subfield>
    <subfield code="y">BK</subfield>
    <subfield code="k">VEDI/23-24/04/09</subfield>
  </datafield>
  <datafield tag="952" ind1=" " ind2=" ">
    <subfield code="0">0</subfield>
    <subfield code="1">0</subfield>
    <subfield code="2">ddc</subfield>
    <subfield code="4">0</subfield>
    <subfield code="7">0</subfield>
    <subfield code="a">SOBD</subfield>
    <subfield code="b">SOBD</subfield>
    <subfield code="d">2023-04-21</subfield>
    <subfield code="e">Vedi Books</subfield>
    <subfield code="f">INR</subfield>
    <subfield code="g">679.00</subfield>
    <subfield code="o">158.7 SPE-I4</subfield>
    <subfield code="p">002674</subfield>
    <subfield code="r">2023-04-21</subfield>
    <subfield code="t">4</subfield>
    <subfield code="w">2023-04-15</subfield>
    <subfield code="y">BK</subfield>
    <subfield code="k">VEDI/23-24/04/09</subfield>
  </datafield>
  <datafield tag="952" ind1=" " ind2=" ">
    <subfield code="0">0</subfield>
    <subfield code="1">0</subfield>
    <subfield code="2">ddc</subfield>
    <subfield code="4">0</subfield>
    <subfield code="7">0</subfield>
    <subfield code="a">SOBD</subfield>
    <subfield code="b">SOBD</subfield>
    <subfield code="d">2023-04-21</subfield>
    <subfield code="e">Vedi Books</subfield>
    <subfield code="f">INR</subfield>
    <subfield code="g">679.00</subfield>
    <subfield code="o">158.7 SPE-I5</subfield>
    <subfield code="p">002675</subfield>
    <subfield code="r">2023-04-21</subfield>
    <subfield code="t">5</subfield>
    <subfield code="w">2023-04-15</subfield>
    <subfield code="y">BK</subfield>
    <subfield code="k">VEDI/23-24/04/09</subfield>
  </datafield>
  <datafield tag="952" ind1=" " ind2=" ">
    <subfield code="0">0</subfield>
    <subfield code="1">0</subfield>
    <subfield code="2">ddc</subfield>
    <subfield code="4">0</subfield>
    <subfield code="7">0</subfield>
    <subfield code="a">SOBD</subfield>
    <subfield code="b">SOBD</subfield>
    <subfield code="d">2023-04-21</subfield>
    <subfield code="e">Vedi Books</subfield>
    <subfield code="f">INR</subfield>
    <subfield code="g">679.00</subfield>
    <subfield code="o">158.7 SPE-I6</subfield>
    <subfield code="p">002676</subfield>
    <subfield code="r">2023-04-21</subfield>
    <subfield code="t">6</subfield>
    <subfield code="w">2023-04-15</subfield>
    <subfield code="y">BK</subfield>
    <subfield code="k">VEDI/23-24/04/09</subfield>
  </datafield>
  <datafield tag="952" ind1=" " ind2=" ">
    <subfield code="0">0</subfield>
    <subfield code="1">0</subfield>
    <subfield code="2">ddc</subfield>
    <subfield code="4">0</subfield>
    <subfield code="7">0</subfield>
    <subfield code="a">SOBD</subfield>
    <subfield code="b">SOBD</subfield>
    <subfield code="d">2023-04-21</subfield>
    <subfield code="e">Vedi Books</subfield>
    <subfield code="f">INR</subfield>
    <subfield code="g">679.00</subfield>
    <subfield code="o">158.7 SPE-I7</subfield>
    <subfield code="p">002677</subfield>
    <subfield code="r">2023-04-21</subfield>
    <subfield code="t">7</subfield>
    <subfield code="w">2023-04-15</subfield>
    <subfield code="y">BK</subfield>
    <subfield code="k">VEDI/23-24/04/09</subfield>
  </datafield>
  <datafield tag="952" ind1=" " ind2=" ">
    <subfield code="0">0</subfield>
    <subfield code="1">0</subfield>
    <subfield code="2">ddc</subfield>
    <subfield code="4">0</subfield>
    <subfield code="7">0</subfield>
    <subfield code="a">SOBD</subfield>
    <subfield code="b">SOBD</subfield>
    <subfield code="d">2023-04-21</subfield>
    <subfield code="e">Vedi Books</subfield>
    <subfield code="f">INR</subfield>
    <subfield code="g">679.00</subfield>
    <subfield code="o">158.7 SPE-I8</subfield>
    <subfield code="p">002678</subfield>
    <subfield code="r">2023-04-21</subfield>
    <subfield code="t">8</subfield>
    <subfield code="w">2023-04-15</subfield>
    <subfield code="y">BK</subfield>
    <subfield code="k">VEDI/23-24/04/09</subfield>
  </datafield>
</record>
